Vista normal
Vista MARC
Entrada Materia (personas)
Número de registros utilizados en: 1
001 - CONTROL NUMBER
- control field: 98107
003 - CONTROL NUMBER IDENTIFIER
- control field: Co-BoUCM
005 - DATE AND TIME OF LATEST TRANSACTION
- control field: 20190816082605.0
008 - FIXED-LENGTH DATA ELEMENTS
- fixed length control field: 190816|| aca||aabn | a|a d
040 ## - CATALOGING SOURCE
- Original cataloging agency: Co-BoUCM
- Transcribing agency: Co-BoUCM
100 ## - HEADING--PERSONAL NAME
- Personal name: Cruz Navarro, Natalio
670 ## - SOURCE DATA FOUND
- Source citation: Work cat.: (Co-BoUCM)37969: Cruz Navarro, Natalio, Tratado de Andrología y medicina sexual, 2012